| 000 | 01146nam a2200253 c 4500 | ||
|---|---|---|---|
| 001 | 000000219 | ||
| 003 | RuMoIPM | ||
| 005 | 20250909125659.0 | ||
| 008 | 070503s2007 ru a||p|||||||||||||rus d | ||
| 020 | _a978-5-87623-182-6 | ||
| 035 | _a(RuMoIPM Bibliobus) 000219 | ||
| 040 |
_aRuMoIPM _brus _ercr |
||
| 041 | _arus | ||
| 044 | _aru | ||
| 080 | _a535.14(07) | ||
| 100 | 1 | _aБлистанов, Александр Алексеевич | |
| 245 | 0 | 0 |
_aКристаллы квантовой и нелинейной оптики _b[учебное пособие для вузов] _cА. А. Блистанов |
| 250 | _a2-е изд., испр. | ||
| 260 |
_aМосква _bМИСИС _c2007 |
||
| 300 |
_a431 с. _bил. |
||
| 504 | _aБиблиогр. : с. 410-431 | ||
| 887 |
_aБлистанов Александр Алексеевич. Кристаллы квантовой и нелинейной оптики : Учебное пособие / Блистанов А.А. — 2-е изд., испр. — М. : МИСИС, 2007. — 431 с. : ил. — Библиогр. : с. 410-431. — ISBN 978-5-87623-182-6. _2Bibliobus |
||
| 942 | _cBK | ||
| 999 |
_c219 _d219 |
||